<?xml version="1.0" encoding="UTF-8"?><?xml-stylesheet type="text/xsl" href="static/style.xsl"?><OAI-PMH xmlns="http://www.openarchives.org/OAI/2.0/" xmlns:xsi="http://www.w3.org/2001/XMLSchema-instance" xsi:schemaLocation="http://www.openarchives.org/OAI/2.0/ http://www.openarchives.org/OAI/2.0/OAI-PMH.xsd"><responseDate>2026-04-13T04:09:50Z</responseDate><request verb="GetRecord" identifier="oai:www.recercat.cat:2072/421861" metadataPrefix="marc">https://recercat.cat/oai/request</request><GetRecord><record><header><identifier>oai:recercat.cat:2072/421861</identifier><datestamp>2024-10-29T16:48:20Z</datestamp><setSpec>com_2072_98</setSpec><setSpec>col_2072_378196</setSpec></header><metadata><record xmlns="http://www.loc.gov/MARC21/slim" xmlns:dcterms="http://purl.org/dc/terms/" xmlns:xsi="http://www.w3.org/2001/XMLSchema-instance" xmlns:doc="http://www.lyncode.com/xoai" xsi:schemaLocation="http://www.loc.gov/MARC21/slim http://www.loc.gov/standards/marcxml/schema/MARC21slim.xsd">
   <leader>00925njm 22002777a 4500</leader>
   <datafield ind2=" " ind1=" " tag="042">
      <subfield code="a">dc</subfield>
   </datafield>
   <datafield ind2=" " ind1=" " tag="720">
      <subfield code="a">García Rodríguez, Joseph</subfield>
      <subfield code="e">author</subfield>
   </datafield>
   <datafield ind2=" " ind1=" " tag="720">
      <subfield code="a">Universitat Autònoma de Barcelona. Facultat de Filosofia i Lletres</subfield>
      <subfield code="e">author</subfield>
   </datafield>
   <datafield ind2=" " ind1=" " tag="260">
      <subfield code="c">2014</subfield>
   </datafield>
   <datafield ind2=" " ind1=" " tag="520">
      <subfield code="a">Aquest treball pretén contribuir d'una manera significativa a les investigacions que fins al moment s'han portat a terme sobre el lèxic col·loquial i els diccionaris didàctics. S'analitzen, des d'un punt de vista lexicogràfic, lexicològic i pragmàtic, els mots que apareixen etiquetats amb la marca de col·loquial o semblant. Es reflexiona, també, sobre l'adequació de les marques, el tipus de lèxic que es recull i la informació que apareix en relació amb l'ús que els parlants fan d'aquestes veus. En definitiva, es demostra la importància de la presència dels col·loquialismes en l'ensenyament i en els diccionaris didàctics</subfield>
   </datafield>
   <datafield ind2=" " ind1=" " tag="520">
      <subfield code="a">Este trabajo pretende aportar más luz a las investigaciones que se han desarrollado hasta el momento acerca del léxico coloquial y los diccionarios didácticos. Se analizan, desde un punto de vista lexicográfico, lexicológico y pragmático, los vocablos que aparecen etiquetados con la marca de coloquial o semejante. A grandes rasgos, se reflexiona sobre la adecuación de las marcas, el tipo de léxico que se recoge y la información que aparece acerca del uso que los hablantes hacen de estas voces. En definitiva, se demuestra la importancia de la presencia de los coloquialismos en la enseñanza y en los diccionarios didácticos</subfield>
   </datafield>
   <datafield tag="653" ind2=" " ind1=" ">
      <subfield code="a">Castellà parlat</subfield>
   </datafield>
   <datafield ind2="0" ind1="0" tag="245">
      <subfield code="a">El tratamiento de los coloquialismos en los diccionarios didácticos : análisis lexicográfico, lexicológico y pragmático</subfield>
   </datafield>
</record></metadata></record></GetRecord></OAI-PMH>